00314nam a2200109Ia 4500008004100000020001800041100002600059245004800085250001100133260004200144300001800186180219s9999 xx 000 0 und d a9780721603520 aSilvestri, Linda Anne aQ & A review for the NCLEX-RN examination / a3rd ed aQuezon City :bC & E publishingc2006 avi, 942 pages